000 00443nam a2200181Ia 4500
001 16117
005 20260306170246.0
008 260306t2016||||xx |||||||||||||| ||und||
041 _aESP
082 _a346.61
_bM97
100 _aMuro Rojo, Manuel
_eAUT
245 0 _aContratos civiles y obligaciones:
_btemas claves
260 _c2016
300 _a190 páginas :
_c24 cm.
650 _aGEN
654 _aCDE
942 _cLIB
_dJUS
_fJUS
_2ddc
_n
999 _c16117
_d16117